| 000 | 00000cam 2200000zi 4500 |
| 001 | 9.928664 |
| 003 | CaOODSP |
| 005 | 20251210142651 |
| 006 | m o d f |
| 007 | cr bn||||||||| |
| 008 | 230123s1991 oncb ob f001 0 eng d |
| 040 | |aCaOODSP|beng|erda|cCaOODSP |
| 041 | |aeng|afre |
| 043 | |an-cn--- |
| 086 | 1 |aEn37-638/1991-PDF |
| 245 | 00|aCanada Water Act publications, 1970-1990 : |bbibliography = Publications relatives à la Loi sur les ressources en eau du Canada, 1970-1990 : bibliographie. |
| 246 | 11|aPublications relatives à la Loi sur les ressources en eau du Canada, 1970-1990 : |bbibliographie |
| 264 | 1|aOttawa : |bEnvironment Canada, Inland Waters Directorate = Environnement Canada, Direction générale des eaux intérieures, |c[1991] |
| 300 | |a1 online resource (xii, 197 pages, 3 unnumbered pages) : |bmaps |
| 336 | |atext|btxt|2rdacontent |
| 337 | |acomputer|bc|2rdamedia |
| 338 | |aonline resource|bcr|2rdacarrier |
| 500 | |aDigitized edition from print [produced by Environment and Climate Change Canada]. |
| 504 | |aIncludes bibliographical references and index. |
| 520 | |a"Documented here is a fascinating range of cost-shared federal-provincial-territorial activities from coast to coast and in the North; at the end of this publication, an in-pocket map will be helpful in locating past and current activities under the Act. With this and a separate bibliography to be published on the Flood Damage Reduction Program, all Canada Water Act documents will now be easily accessible and on a permanent basis. It is our hope that these bibliographies will stimulate interest and facilitate research in the field of water resource management"--Foreword, page [iv]. |
| 546 | |aText in English and French in parallel columns. |
| 610 | 10|aCanada. |bCanada Water Act|vBibliography. |
| 650 | 0|aEnvironmental law|zCanada|vBibliography. |
| 650 | 0|aWater quality management|zCanada|vBibliography. |
| 650 | 0|aWater resources development|zCanada|vBibliography. |
| 650 | 0|aWater|xPollution|zCanada|vBibliography. |
| 655 | 7|aBibliographies|2lcgft |
| 710 | 2 |aAquaref, |eissuing body. |
| 710 | 2 |aWATDOC (Canada), |eissuing body. |
| 710 | 2 |aCanada Institute for Scientific and Technical Information, |eissuing body. |
| 788 | |tCanada Water Act publications, 1970-1990 : |efre|w(CaOODSP)9.958106 |
| 856 | 40|qPDF|s18.0 MB|uhttps://publications.gc.ca/collections/collection_2025/eccc/en37/En37-638-1991.pdf |